| 000 | 01102nam a2200241Ia 4500 | ||
|---|---|---|---|
| 999 |
_c37554 _d37554 |
||
| 001 | 3520 | ||
| 003 | GE_BSU | ||
| 005 | 20190530195816.0 | ||
| 008 | 181216s1985||||ge |||||||||||||| ||geo|| | ||
| 040 | _cGE_BSU | ||
| 041 | _ageo | ||
| 080 | _a51(075.4)+514(075.4) მ-15 | ||
| 245 |
_aმატემატიკა : II ნაწილი. გეომეტრია(თეორია და ამოცანები) : სახელმძღვ. / _cს. თოფურია ; გ. აბესაძე ; გ. ოზბეგაშვილი ; და სხვ. რედ : დ. ავაზაშვილი. |
||
| 264 |
_aთბილისი : _bგანათლება, _c1985. |
||
| 300 |
_a440 გვ .: _c22 სმ. |
||
| 653 | _aმათემატიკა | ||
| 653 | _a გეომეტრია | ||
| 700 |
_aთოფურია, ს _91489 |
||
| 700 |
_aაბესაძე, გ _91415 |
||
| 700 |
_aოზბეგაშვილი, გ _91416 |
||
| 700 |
_aავაზაშვილი, დ _eრედაქტორი _91638 |
||
| 942 |
_cBK _2udc |
||